00510 2200181 4500001002100000005001500021035002000036007000300056008004100059020002200100082001000122084001600132100001000148245005900158260005100217300004200268650001800310INLIS00000000000111820210903085719 a0010-0921000017ta210903 d 0 ind  a978-602-424-350-0 a923.5 a923.5 TEM s0 aTempo1 aSoedirman :bSeorang Panglima, Seorang Martil /cTempo aJakarta :bKepustakaan Populer Gramedia,c2017 axvi + 177 hlm :bilus. ;c11 x 16 cm. aTokoh Militer